World Capitals Containing B - Two Minute Sprint - Statistics

General Stats
  • This quiz has been taken 2,083 times
  • The average score is 24 of 53
Answer Stats
Capital % Correct
Berlin
81%
Brasilia
78%
Brussels
72%
Bucharest
72%
Budapest
72%
Buenos Aires
70%
Bern
69%
Beijing
68%
Bogotá
65%
Bratislava
64%
Bangkok
63%
Belmopan
63%
Belgrade
62%
Bangui
56%
Canberra
55%
Banjul
54%
Bandar Seri Begawan
53%
Dublin
53%
Abu Dhabi
52%
Beirut
52%
Abuja
51%
Baghdad
51%
Bamako
51%
Brazzaville
50%
Bridgetown
50%
Baku
49%
Lisbon
48%
Basseterre
47%
Bishkek
47%
Bissau
37%
Zagreb
36%
Addis Ababa
35%
Ljubljana
35%
Bloemfontein
34%
Bujumbura
34%
Kabul
33%
Rabat
33%
Islamabad
32%
Juba
32%
Malabo
32%
Ulaanbaatar
30%
Dushanbe
29%
Gaborone
29%
Paramaribo
29%
Tbilisi
29%
Libreville
28%
Luxembourg
28%
Mbabane
27%
Nairobi
27%
Ashgabat
26%
Djibouti
23%
Port Moresby
23%
Colombo
12%
No matching quizzes found
Score Distribution
Percent of People with Each Score
Percentile by Number Answered
Your Score History
You have not taken this quiz